Statistiques concernant Culture Générale - Série 1424

Cliquez ici pour prendre le quiz!

Statistiques générales

  • Ce quiz a été pris 61 fois
  • Le résultat moyen est 7 sur 10

Statistiques - réponses

QuestionRéponse% Correct
A quel fruit le guacamole, préparation mexicaine, doit-il sa couleur verte ?avocat
98%
En langage familier, les mots "piquette" et "picrate" désignent : un mauvais ...vin
95%
Traditionnellement, avec quels fruits prépare-t-on une "Tarte Tatin" ?pommes
93%
De quel signe astrologique est une personne née le 15 octobre ?balance
82%
De quel signe astrologique est une personne née le 25 octobre ?scorpion
80%
Quel mot arabe désigne la longue robe à manches longues et à capuchon, portée par les hommes et les femmes en Afrique du Nord ?djellaba
71%
Quel est le prénom du peintre britannique Bacon ?Francis
57%
Complétez le titre du film de Woody Allen de 1984, "La rose pourpre du ...Caire
45%
Quelle fée, héroïne de Jean d'Arras, était condamnée chaque samedi à se transformer partiellement en serpent, au Moyen Age ?Mélusine
32%
En 1960, qui réalisa le film "Spartacus" avec Kirk Douglas et Laurence Olivier ?Stanley Kubrick
25%

Distribution des résultats

Percentile par nombre de réponses

% des personnes avec chaque résultat

Votre développement - résultats

Vous n’avez pas pris ce quiz